The Slovak philharmonic cheir

Bibliographic Details
Main Authors: Suchoň, Eugen, 1908-1993 (Composer), Albrecht, Alexander, 1885-1958 (Composer), Mikula, Zdenko, 1916-2012 (Composer), Hrušovský, Ivan, 1927-2001 (Composer)
Corporate Author: Slovenský filharmonický zbor (uci)
Other Authors: Rozehnal, Jan, 1957- (uci), Juhaňáková, Blanka, 1962- (uci), Gregor, Oto (spevák) (uci), Šurin, Stanislav, 1971- (uci), Benka, Martin, 1888-1971 (nob), Wagner, Gabriel (gup)
Format: Book
Language:Slovak
PhysicalDescription:1 kompaktná platňa (63 min. 45 sek.) stereo
Published: Bratislava Radio Bratislava 1996
Subjects:

MARC

LEADER 00000nam a2200000 a 4500
001 vtls001223859
003 SK-MaSNL
005 20260301154622.0
008 130606s1996 xo 0 slo
015 |a SNBJ1998/02-01219 
035 |a SNK000170097 
040 |a SNK  |b slo  |c SNK  |e AACR2 
041 0 |a slo 
044 |a xo  |c SK 
080 |a 784.1:78.087.684(086.7)  |2 1981 
080 |a 78.087.684  |2 1981 
245 0 4 |a The Slovak philharmonic cheir  |h zvukový dokument  |c Eugen Suchoň, Alexander Albrecht, Zdenko Mikula, Ivan Hrušovský 
260 |a Bratislava  |b Radio Bratislava  |c 1996 
300 |a 1 kompaktná platňa (63 min. 45 sek.)  |b stereo 
500 |a Cover Martin Benka; design Gabriel Wagner 
505 0 |a Obsahuje 13 diel 
511 1 |a Jan Rozehnal, Blanka Juhaňáková, zbormajstri 
511 1 |a Spoluúčinkujú Oto Gregor, Stanislav Šurín 
511 1 |a Účinkuje Slovenský filharmonický zbor 
650 0 7 |a vokálna hudba  |2 SNKPH  |9 3442 
650 0 7 |a zborový spev  |2 SNKPH  |9 3196 
655 7 |a kompaktné platne  |2 SNKPH  |9 70690 
700 1 |a Suchoň, Eugen,  |d 1908-1993  |4 cmp  |9 107916 
700 1 |a Albrecht, Alexander,  |d 1885-1958  |4 cmp  |9 36870 
700 1 |a Mikula, Zdenko,  |d 1916-2012  |4 cmp  |9 154572 
700 1 |a Hrušovský, Ivan,  |d 1927-2001  |4 cmp  |9 97843 
700 1 |a Rozehnal, Jan,  |d 1957-  |4 uci  |9 246339 
700 1 |a Juhaňáková, Blanka,  |d 1962-  |4 uci  |9 17952 
700 1 |a Gregor, Oto  |c (spevák)  |4 uci  |9 43984 
700 1 |a Šurin, Stanislav,  |d 1971-  |4 uci  |9 13116 
700 1 |a Benka, Martin,  |d 1888-1971  |4 nob  |9 100354 
700 1 |a Wagner, Gabriel  |4 gup  |9 47697 
710 2 |a Slovenský filharmonický zbor  |4 uci  |9 33338 
999 |c 797482  |d 799412 
952 |t P60, <03>, [BOOK], {603}  |a SNK  |b SNK  |y PREZ  |7 0  |p 17A0052653  |o snkSCD 637  |i snkJK 213/97  |0 0  |1 0  |4 0  |d 1997-03-12  |l 0  |r 2005-01-01 00:00:00  |w 2026-02-24